000 01110nam a22001937a 4500
003 NUST
005 20260302124601.0
020 _a9798316239474
082 _a200,MUH
100 _aMuhammad, Adeel Shaik
_9133515
245 _aAI-Driven Transformation of the SOC and SecOps /
_cAdeel Shaikh Muhammad
250 _a2nd edition
260 _aKindo
_c2025
300 _axiii, 415 p
505 _aLaying the Groundwork of AI-Driven SOC (Page-1), Why AI is a Thing in Cybersecurity (Page-25), Why Traditional SOCS are Losing Their Steeze (Page-57), The Rise of AI- Enhanced Threats (Page-86), How dose AI Enhance Threat Detection (Page-105), How to Thrive with AI and Autonomous Agents (Page-120), AI Enabled Security is an Ever Evolving (Page-145), Predictive Analytic for Proactive Cyber Defense (Page-174), Operational Efficiencies Through AI (Page-199), Ethical and Legal Implications of AI in SOCs (Page-244), Human Machine Collaborations in SOCs (Page-273), Implementing AI in SOCs (Page-291).
650 _aAI Machine Learning
_9133516
651 _aArtificial Intelligence
_9133517
942 _2ddc
_cREF
999 _c616475
_d616475